000 01687cam a22004094i 4500
003 PE-LiUPU
005 20250731172855.0
008 160822s1992 r 000 0 spa d
035 _a(Sirsi) a163059
082 0 4 _a253.7
_bA75
_220
100 1 _aArnold, Jeffrey,
_eautor.
245 1 4 _aThe big book on small groups /
_cJeffrey Arnold.
264 _aDowners Grove, Illinois:
_bInterVarsity Press,
_c1992.
300 _a264 páginas ;
_c23 centímetros.
336 _atext
_2rdacontent
337 _aunmediated
_2rdamedia
338 _avolume
_2rdacarrier
505 0 _aMaking disciples through small groups -- Building the church through small groups -- The basics of small groups ministry -- Becoming a leader -- The building blocks of community -- A caring community -- A dynamic community -- A studying community -- A worshipping community -- A praying community -- An evangelizing community -- A mission-oriented community -- Structuring your ministry -- Resources for training leaders.
526 _aSEG42
526 _aSEG41
526 _aSEG40
526 _aSEG39
526 _aP94
526 _aP87
526 _aP86
526 _aP85
526 _aP77
526 _aP76
526 _aP35
650 2 4 _aTrabajo en grupo de la iglesia.
650 1 4 _aGrupos pequeños
_xAspectos religiosos
_xCristianismo.
650 2 4 _aBiblia
_xEstudio y enseñanza.
_95823
596 _a1
942 _2ddc
_cBOOK
999 _aPG 253.7 A75
_wDEWEY
_c11970
_i42180
_f2021-11-10
_g5
_lCCODEBUL1
_mBUL
_p3.00
_r0
_sY
_tBOOK
_u2016-8-22
_xTEOLOGIA
_PP35
_0COMPRA
_o.STAFF. Colección Teología
_d11970
980 _81
_gALBERTO SANCHEZ Responsable de Automatización